[Event "Plzen, FSB A"]
[Site "?"]
[Date "2004.??.??"]
[Round "6.19"]
[White "Galicek, S."]
[Black "Vrana, J."]
[Result "1-0"]
[WhiteElo "2181"]
[BlackElo "2074"]
[PlyCount "87"]
[EventDate "2004.??.??"]
[Source "ChessBase"]
[SourceDate "1996.11.15"]

1. d4 d5 2. c4 e6 3. Nc3 Nf6 4. Bg5 Be7 5. e3 O-O 6. Nf3 h6 7. Bh4 b6 8. cxd5
exd5 9. Ne5 Bb7 10. Bb5 c5 11. O-O a6 12. Ba4 Ne4 13. Nxe4 Bxh4 14. Ng3 c4 15.
Nf5 Bf6 16. Bc2 Re8 17. f4 Nc6 18. Qg4 Kf8 19. Rad1 Nb4 20. Bb1 Bc8 21. a3 Nd3
22. Bxd3 cxd3 23. Qh5 g6 24. Nxg6+ fxg6 25. Qxh6+ Kf7 26. Qh7+ Ke6 27. Nh6 Re7
28. Qxg6 Rg7 29. Qh5 Ke7 30. g3 Be6 31. Rxd3 Qd7 32. f5 Bg8 33. Qf3 Re8 34. Ng4
Qd6 35. Rc3 Bf7 36. Nf2 Reg8 37. g4 Rh8 38. h3 Bh4 39. e4 Bxf2+ 40. Rxf2 dxe4
41. f6+ Kd7 42. Qf5+ Be6 43. fxg7 Bxf5 44. gxh8=Q 1-0

[Event "Plzen, FSB A"]
[Site "?"]
[Date "2004.??.??"]
[Round "6.20"]
[White "Vasicek, M."]
[Black "Kudlacek, J."]
[Result "1-0"]
[WhiteElo "2175"]
[BlackElo "2039"]
[PlyCount "69"]
[EventDate "2004.??.??"]
[Source "ChessBase"]
[SourceDate "1996.11.15"]

1. d4 Nf6 2. Nf3 g6 3. Bg5 Bg7 4. Nbd2 d5 5. e3 O-O 6. Bd3 Nbd7 7. Qe2 a6 8.
O-O c5 9. c3 h6 10. Bh4 c4 11. Bc2 b5 12. e4 dxe4 13. Nxe4 Bb7 14. Ne5 Nxe4 15.
Bxe4 Bxe4 16. Qxe4 Nf6 17. Qf3 Qd5 18. Bxf6 Qxf3 19. gxf3 Bxf6 20. Nd7 Rfe8 21.
Nxf6+ exf6 22. Rfe1 Re6 23. a4 Rxe1+ 24. Rxe1 Rb8 25. axb5 axb5 26. Re7 Kf8 27.
Rc7 Rb6 28. Kf1 f5 29. f4 Kg7 30. d5 Kf6 31. Ke2 g5 32. Ke3 b4 33. Rc6+ Rxc6
34. dxc6 Ke6 35. cxb4 1-0

[Event "Plzen, FSB A"]
[Site "?"]
[Date "2004.??.??"]
[Round "6.21"]
[White "Kalista, K."]
[Black "Folkova, M."]
[Result "0-1"]
[WhiteElo "2019"]
[BlackElo "2165"]
[PlyCount "94"]
[EventDate "2004.??.??"]
[Source "ChessBase"]
[SourceDate "1996.11.15"]

1. d4 d5 2. c4 e6 3. Nc3 c6 4. Nf3 dxc4 5. a4 Bb4 6. e3 b5 7. Ne5 Nf6 8. Be2
Nd5 9. Bd2 a6 10. axb5 Bxc3 11. bxc3 cxb5 12. e4 Ne7 13. O-O O-O 14. Bc1 Bb7
15. Bf3 Nd7 16. Ng4 Nb6 17. Ba3 Re8 18. Qd2 Ng6 19. g3 f5 20. Ne3 fxe4 21. Bg2
Ne5 22. Rad1 Nf3+ 23. Bxf3 exf3 24. Ng4 Nd5 25. Rfe1 Nf6 26. Ne5 Nd7 27. Ng4 h5
28. Ne5 Nxe5 29. Rxe5 h4 30. Rg5 hxg3 31. Rxg3 Bd5 32. Kh1 Ra7 33. Rdg1 Qh4 34.
Qe3 Rd7 35. Qe5 Qh7 36. Rg5 Ra8 37. Rh5 Qe4 38. Qf6 b4 39. Bxb4 a5 40. Bc5 Qe3
41. Qg6 Be4 42. fxe3 Bxg6 43. Rxg6 f2 44. Kg2 Rf7 45. Kf1 Rb8 46. Bb4 axb4 47.
Rxe6 Ra8 0-1

[Event "Plzen, FSB A"]
[Site "?"]
[Date "2004.??.??"]
[Round "6.22"]
[White "Koth, S."]
[Black "Jenicek, E."]
[Result "0-1"]
[WhiteElo "2190"]
[BlackElo "2021"]
[PlyCount "82"]
[EventDate "2004.??.??"]
[Source "ChessBase"]
[SourceDate "1996.11.15"]

1. c4 e6 2. Nc3 d5 3. d4 Nf6 4. Nf3 dxc4 5. e3 c5 6. Bxc4 a6 7. a4 Nc6 8. O-O
Be7 9. Qd3 cxd4 10. exd4 Nb4 11. Qe2 O-O 12. Bf4 b6 13. Rfd1 Nfd5 14. Bg3 Bb7
15. Rac1 Rc8 16. h3 Bf6 17. Ne4 Be7 18. Ne5 h6 19. Kh1 Bg5 20. Nxg5 Qxg5 21.
Nf3 Qf5 22. Kh2 Nf4 23. Qe3 Nbd5 24. Qd2 g5 25. Ne5 f6 26. Ng4 Kg7 27. Re1 h5
28. Ne3 Nxe3 29. fxe3 Nxg2 30. Bd3 Nxe1 31. Rxe1 Be4 32. Bxe4 Qxe4 33. Rc1 h4
34. Bc7 Qb7 35. Bd6 Rxc1 36. Qxc1 Rc8 37. Qf1 Qe4 38. Be7 Rc2+ 39. Kg1 Qxe3+
40. Kh1 Rc1 41. Bxf6+ Kg6 0-1

[Event "Plzen, FSB A"]
[Site "?"]
[Date "2004.??.??"]
[Round "6.23"]
[White "Peniska, P."]
[Black "Simunek, A."]
[Result "0-1"]
[WhiteElo "2011"]
[BlackElo "2200"]
[PlyCount "76"]
[EventDate "2004.??.??"]
[Source "ChessBase"]
[SourceDate "1996.11.15"]

1. e4 c5 2. Nc3 Nc6 3. g3 d6 4. Bg2 Nf6 5. f4 Bg4 6. Nf3 Nd4 7. h3 Bxf3 8. Bxf3
Nxf3+ 9. Qxf3 Qc7 10. d3 e6 11. O-O Be7 12. g4 Nd7 13. Be3 a6 14. a4 Bf6 15. a5
O-O 16. g5 Bd4 17. Ne2 Bxe3+ 18. Qxe3 d5 19. c3 dxe4 20. dxe4 Rad8 21. b4 cxb4
22. cxb4 Nb8 23. Rac1 Qd6 24. Rc4 Nc6 25. Rfc1 g6 26. Kf2 Rd7 27. Qc3 Rfd8 28.
h4 Qe7 29. h5 e5 30. h6 Rd3 31. Qb2 Qe6 32. R4c3 Qh3 33. Rxd3 Rxd3 34. Rg1 Qf3+
35. Ke1 Qxe4 36. b5 axb5 37. Qxb5 exf4 38. Rg4 Nd4 0-1

[Event "Plzen, FSB A"]
[Site "?"]
[Date "2004.??.??"]
[Round "6.24"]
[White "Bujak, M."]
[Black "Bukacek, L."]
[Result "1-0"]
[WhiteElo "2179"]
[BlackElo "2091"]
[PlyCount "129"]
[EventDate "2004.??.??"]
[Source "ChessBase"]
[SourceDate "1996.11.15"]

1. e4 e6 2. d4 d5 3. e5 c5 4. Qg4 cxd4 5. Nf3 Nc6 6. Bd3 Nb4 7. O-O Nxd3 8.
cxd3 Nh6 9. Bxh6 gxh6 10. Nxd4 Qg5 11. Qe2 Rg8 12. f4 Qg4 13. Qxg4 Rxg4 14. Nc2
Bd7 15. Nc3 Rc8 16. d4 Be7 17. Ne3 Rg8 18. Rf3 f5 19. Rh3 Rg6 20. Kf2 Kf7 21.
Kf3 Bb4 22. Rc1 Bb5 23. a3 Ba5 24. Kf2 Ba4 25. Ne2 Rxc1 26. Nxc1 Bb6 27. b3 Bd7
28. Nc2 Rg4 29. Ne2 Rg6 30. Nc3 Rg4 31. Ne2 Rg6 32. a4 a5 33. Rh5 Be8 34. Ne3
Ke7 35. Rh3 Ba7 36. Nc2 Kd8 37. Nc3 Kc7 38. Rh4 Kd8 39. g3 Rg7 40. Ke3 h5 41.
Kd3 Rg4 42. Rh3 Rg7 43. Ne3 Bf7 44. Rh4 Kd7 45. Nb5 Bb8 46. Nc2 b6 47. Ne1 Rg4
48. Rxg4 hxg4 49. Kc3 Be8 50. b4 axb4+ 51. Kxb4 Kc6 52. Nc2 Kb7 53. Nca3 Bxb5
54. Kxb5 Bc7 55. Nc2 Bd8 56. Nb4 h5 57. Nc6 Bc7 58. Ne7 Bd8 59. Ng6 Ka7 60. Nf8
h4 61. gxh4 Bxh4 62. Nxe6 Bf2 63. Ng7 Bxd4 64. Nxf5 Bb2 65. e6 1-0

[Event "Plzen, FSB A"]
[Site "?"]
[Date "2004.??.??"]
[Round "6.25"]
[White "Fiala, J."]
[Black "Kana, P."]
[Result "0-1"]
[WhiteElo "1914"]
[BlackElo "2159"]
[PlyCount "118"]
[EventDate "2004.??.??"]
[Source "ChessBase"]
[SourceDate "1996.11.15"]

1. e4 c5 2. Nf3 e6 3. d4 cxd4 4. Nxd4 a6 5. Bd3 Qc7 6. O-O Nf6 7. Nc3 Be7 8.
Be3 Nc6 9. Kh1 d5 10. exd5 exd5 11. Qd2 O-O 12. Bf4 Bd6 13. Bxd6 Qxd6 14. Nf5
Bxf5 15. Bxf5 Qb4 16. a3 Qc5 17. Bd3 Rfe8 18. Rae1 Kf8 19. f3 Rad8 20. Rxe8+
Rxe8 21. Re1 Re6 22. Rd1 Qd4 23. Be2 Qf2 24. Bf1 Qxd2 25. Rxd2 Ne7 26. Kg1 Ke8
27. Kf2 Kd7 28. Bc4 Kc6 29. Ba2 h5 30. Ne2 Nf5 31. Nd4+ Nxd4 32. Rxd4 Kc5 33.
c3 Re7 34. h3 g5 35. g4 hxg4 36. hxg4 a5 37. Rd2 b5 38. Rd4 Re5 39. Rd2 Nd7 40.
Re2 Rxe2+ 41. Kxe2 Ne5 42. b3 b4 43. cxb4+ axb4 44. a4 Kd4 45. a5 Kc5 46. Bb1
Kb5 47. Ke3 Nc6 48. Bd3+ Kxa5 49. Bh7 Kb5 50. Bc2 Kc5 51. Kd3 Kd6 52. Ke3 Ke5
53. Bd1 Nd8 54. Kd3 Ne6 55. Ke3 Nf4 56. Bc2 Ne6 57. Bd1 Nc5 58. Bc2 d4+ 59. Kd2
Kf4 0-1

[Event "Plzen, FSB A"]
[Site "?"]
[Date "2004.??.??"]
[Round "6.26"]
[White "Beran, B."]
[Black "de Cauter, W."]
[Result "0-1"]
[WhiteElo "2158"]
[BlackElo "2089"]
[PlyCount "104"]
[EventDate "2004.??.??"]
[Source "ChessBase"]
[SourceDate "1996.11.15"]

1. c4 f5 2. Nf3 Nf6 3. g3 b6 4. Bg2 Bb7 5. Nc3 c5 6. O-O g6 7. d4 cxd4 8. Qxd4
Bg7 9. Qh4 h6 10. Nd5 Nc6 11. Nxf6+ Bxf6 12. Qf4 Qb8 13. Qd2 Na5 14. Qb4 Qc7
15. Bf4 Qxc4 16. Qd2 g5 17. Be5 Qd5 18. Qxd5 Bxd5 19. Bxf6 exf6 20. Nd4 Bxg2
21. Kxg2 Nc4 22. Nxf5 Nxb2 23. Rac1 Na4 24. Rfd1 Nc5 25. Rd6 Kf7 26. Rcd1 Rae8
27. e3 h5 28. R6d4 Re5 29. Nd6+ Ke7 30. Nc4 Re4 31. Nd6 Rxd4 32. Nf5+ Kd8 33.
Nxd4 a6 34. Nc6+ Kc7 35. Nb4 Rf8 36. f3 Rf7 37. e4 a5 38. Nd5+ Kc6 39. Rb1 b5
40. Kf2 f5 41. Ke3 fxe4 42. fxe4 g4 43. Nf4 Re7 44. Nxh5 Rxe4+ 45. Kd2 Rc4 46.
Nf4 d5 47. Nd3 Rd4 48. Rb3 Nxb3+ 49. axb3 Rxd3+ 50. Kxd3 a4 51. b4 Kd6 52. Kd4
Ke6 0-1

[Event "Plzen, FSB A"]
[Site "?"]
[Date "2004.??.??"]
[Round "6.27"]
[White "Chalus, K."]
[Black "Malec, J."]
[Result "1-0"]
[WhiteElo "2123"]
[BlackElo "2079"]
[PlyCount "75"]
[EventDate "2004.??.??"]
[Source "ChessBase"]
[SourceDate "1996.11.15"]

1. e4 d6 2. d4 g6 3. Nc3 Bg7 4. Be3 c6 5. Qd2 Bd7 6. f4 Qc7 7. Nf3 b5 8. e5 b4
9. Ne4 a5 10. a3 bxa3 11. Rxa3 f6 12. Be2 Nh6 13. exd6 exd6 14. d5 c5 15. h3
O-O 16. O-O Be8 17. Rfa1 f5 18. Nc3 Qb7 19. R1a2 Bf7 20. Bc4 Na6 21. Nb5 Nb4
22. Nxd6 Qb6 23. Nxf7 Nxf7 24. d6 Nxa2 25. Rxa2 Kh8 26. Bxf7 Rxf7 27. Ne5 Rf6
28. Qd5 Rd8 29. Bxc5 Rdxd6 30. Nf7+ Rxf7 31. Qxd6 Qxd6 32. Bxd6 Rd7 33. Bc5 Rd2
34. b4 Bc3 35. bxa5 Bxa5 36. Rxa5 Rxc2 37. Bd4+ Kg8 38. Ra7 1-0

[Event "Plzen, FSB A"]
[Site "?"]
[Date "2004.??.??"]
[Round "6.28"]
[White "Jenicek, M."]
[Black "Ondrejat, M."]
[Result "1-0"]
[WhiteElo "2117"]
[BlackElo "2072"]
[PlyCount "105"]
[EventDate "2004.??.??"]
[Source "ChessBase"]
[SourceDate "1996.11.15"]

1. e4 c5 2. Nf3 Nc6 3. Bb5 g6 4. O-O Bg7 5. Re1 e5 6. Bxc6 dxc6 7. d3 Ne7 8.
Be3 b6 9. Nbd2 O-O 10. h3 f6 11. a4 a5 12. Nc4 Be6 13. Nfd2 g5 14. Qe2 Ng6 15.
Red1 Rf7 16. Nf1 Nf4 17. Qf3 Rb8 18. Ng3 Qd7 19. Nf5 Bf8 20. Rd2 Bxf5 21. exf5
Rg7 22. Re1 Kh8 23. Qe4 Bd6 24. c3 Bc7 25. d4 cxd4 26. cxd4 Qd5 27. Bxf4 exf4
28. Qxd5 cxd5 29. Na3 Bd6 30. Re6 Bxa3 31. bxa3 g4 32. hxg4 Rxg4 33. f3 Rg5 34.
Rb2 Rxf5 35. Rexb6 Rg8 36. Rb8 Rfg5 37. Rxg8+ Rxg8 38. Rb5 Rd8 39. Rxa5 Kg7 40.
Rc5 Kf7 41. a5 Ke6 42. Rc6+ Kd7 43. Rxf6 Kc7 44. a6 Rd7 45. Kf2 Re7 46. a4 Rd7
47. a5 Kb8 48. Rxf4 Rd6 49. Rf8+ Ka7 50. Rf7+ Kxa6 51. Rxh7 Kxa5 52. Rc7 Kb6
53. Rc5 1-0

[Event "Plzen, FSB A"]
[Site "?"]
[Date "2004.??.??"]
[Round "6.29"]
[White "Hodova, L."]
[Black "Snaidr, J."]
[Result "1/2-1/2"]
[WhiteElo "2112"]
[BlackElo "2063"]
[PlyCount "30"]
[EventDate "2004.??.??"]
[Source "ChessBase"]
[SourceDate "1996.11.15"]

1. e4 g6 2. d4 Bg7 3. f4 d6 4. Nc3 Nc6 5. Be3 Nf6 6. Nf3 Bg4 7. h3 Bxf3 8. Qxf3
e6 9. O-O-O Ne7 10. g4 c6 11. f5 exf5 12. gxf5 Qa5 13. fxg6 fxg6 14. Bc4 O-O-O
15. Rhg1 Rhf8 1/2-1/2

[Event "Plzen, FSB A"]
[Site "?"]
[Date "2004.??.??"]
[Round "6.30"]
[White "Toman, Jan"]
[Black "Kamenik, M."]
[Result "1-0"]
[WhiteElo "2103"]
[BlackElo "2057"]
[PlyCount "63"]
[EventDate "2004.??.??"]
[Source "ChessBase"]
[SourceDate "1996.11.15"]

1. d4 f5 2. g3 Nf6 3. Bg2 g6 4. c4 Bg7 5. Nc3 c6 6. d5 O-O 7. Nf3 h6 8. O-O d6
9. Nd4 c5 10. Nc2 Nbd7 11. Rb1 Ne5 12. b3 Rb8 13. Bb2 a6 14. f4 Nf7 15. e4 b5
16. cxb5 axb5 17. b4 cxb4 18. Nxb4 Bd7 19. Qe2 fxe4 20. Nxe4 Rb7 21. Kh1 Bf5
22. Nxf6+ Bxf6 23. Rbc1 Qa5 24. Bxf6 Qxb4 25. Ba1 Ra7 26. g4 Bc8 27. Qf2 Ra4
28. Rb1 Qa3 29. Qc2 Kh7 30. f5 gxf5 31. Rxf5 Kg8 32. Rg5+ 1-0

[Event "Plzen, FSB A"]
[Site "?"]
[Date "2004.??.??"]
[Round "6.31"]
[White "Simunek, F."]
[Black "Vrchotka, J."]
[Result "1/2-1/2"]
[WhiteElo "1877"]
[BlackElo "2103"]
[PlyCount "85"]
[EventDate "2004.??.??"]
[Source "ChessBase"]
[SourceDate "1996.11.15"]

1. e4 c6 2. d4 g6 3. Nc3 Bg7 4. Be3 d6 5. Qd2 Nd7 6. f4 b5 7. Nf3 Ngf6 8. Bd3
a5 9. h3 Nb6 10. g4 b4 11. Ne2 d5 12. e5 Ne4 13. Qc1 h5 14. g5 O-O 15. Nd2 Nxd2
16. Bxd2 Qc7 17. c3 bxc3 18. Bxc3 Ba6 19. Qe3 e6 20. O-O Bxd3 21. Qxd3 c5 22.
Qf3 cxd4 23. Bxd4 Nd7 24. Rac1 Qb7 25. Rc2 Rfc8 26. Rfc1 Rxc2 27. Rxc2 Rc8 28.
Qb3 Qa8 29. Rxc8+ Qxc8 30. Qc3 Qxc3 31. Bxc3 a4 32. Bb4 Bf8 33. Bxf8 Kxf8 34.
Nc3 Nc5 35. Kf1 Ke7 36. Ke2 Kd7 37. Nb5 Ne4 38. Ke3 Kc6 39. Nd4+ Kc5 40. Ne2 h4
41. Nd4 Ng3 42. Kd3 Nf5 43. Nf3 1/2-1/2

[Event "Plzen, FSB A"]
[Site "?"]
[Date "2004.??.??"]
[Round "6.32"]
[White "Pech, V."]
[Black "Kriz, D."]
[Result "1/2-1/2"]
[WhiteElo "2135"]
[BlackElo "1732"]
[PlyCount "39"]
[EventDate "2004.??.??"]
[Source "ChessBase"]
[SourceDate "1996.11.15"]

1. g3 d5 2. Bg2 e5 3. d3 Nc6 4. Nf3 Nf6 5. O-O Bc5 6. b3 O-O 7. Bb2 Re8 8. c4
d4 9. Nbd2 h6 10. a3 a5 11. Qc2 Qe7 12. Ne4 Nxe4 13. dxe4 Be6 14. Ne1 Rad8 15.
Nd3 Rf8 16. Kh1 f5 17. Bh3 Ba7 18. exf5 Bxf5 19. Bxf5 Rxf5 20. f3 1/2-1/2

[Event "Plzen, FSB A"]
[Site "?"]
[Date "2004.??.??"]
[Round "6.33"]
[White "Maurer, J."]
[Black "Cvikl, M."]
[Result "1/2-1/2"]
[WhiteElo "2198"]
[BlackElo "2056"]
[PlyCount "97"]
[EventDate "2004.??.??"]
[Source "ChessBase"]
[SourceDate "1996.11.15"]

1. e4 c5 2. Nf3 Nc6 3. Bb5 d6 4. Bxc6+ bxc6 5. h3 e5 6. O-O Be7 7. c3 Ba6 8.
Re1 Bd3 9. Qa4 Bb5 10. Qc2 c4 11. b3 Qc7 12. Na3 cxb3 13. axb3 Ba6 14. d4 Nf6
15. Bb2 O-O 16. c4 Nd7 17. Nb1 Bc8 18. Nbd2 Re8 19. Bc3 c5 20. dxe5 dxe5 21.
Nf1 f6 22. Ne3 Nf8 23. Nd5 Qc6 24. Ra3 Ne6 25. Rea1 a6 26. Qd2 Bf8 27. Ba5 Rb8
28. Kh2 Bd6 29. Qd3 Bf8 30. Rb1 Kf7 31. Bc3 Kg8 32. Ra5 Rd8 33. Kh1 Kh8 34. Qe3
Kg8 35. h4 Qe8 36. Nxe5 fxe5 37. Bxe5 Ra8 38. Qg3 Qg6 39. Qxg6 hxg6 40. f4 Nd4
41. Bxd4 cxd4 42. Rd1 Rb8 43. Rxd4 Kf7 44. Rd3 Re8 45. Re3 Bb7 46. Kh2 Rbd8 47.
Kg3 Rc8 48. Kf3 Bc5 49. Rd3 1/2-1/2

[Event "Plzen, FSB A"]
[Site "?"]
[Date "2004.??.??"]
[Round "6.34"]
[White "Cecil, P."]
[Black "Gutdeutsch, O."]
[Result "1/2-1/2"]
[WhiteElo "2042"]
[BlackElo "2116"]
[PlyCount "120"]
[EventDate "2004.??.??"]
[Source "ChessBase"]
[SourceDate "1996.11.15"]

1. Nf3 Nc6 2. g3 e5 3. d3 Nf6 4. Bg2 Bc5 5. Nbd2 d5 6. O-O Be6 7. c3 Qd7 8. b4
Bd6 9. a3 Ne7 10. Re1 Ng6 11. e4 c6 12. d4 dxe4 13. Ng5 O-O-O 14. Nxe6 Qxe6 15.
Nxe4 exd4 16. Bg5 Be5 17. f4 dxc3 18. Qc2 Bd4+ 19. Kh1 Qc4 20. Rad1 h6 21. Bxf6
gxf6 22. Nd2 Qb5 23. Nb3 Qb6 24. Nxd4 Rxd4 25. Qxc3 Rhd8 26. Rxd4 Qxd4 27. Qf3
Qd3 28. Bh3+ Kc7 29. Qxd3 Rxd3 30. Ra1 Ne7 31. Bf1 Rd2 32. Bc4 Nd5 33. h4 Kd6
34. Re1 b5 35. Bxd5 cxd5 36. Re8 Rd3 37. Kg2 Rxa3 38. Rh8 Rb3 39. Rxh6 Ke7 40.
Rh8 Rxb4 41. h5 d4 42. h6 Rb2+ 43. Kh3 Rb1 44. h7 Rh1+ 45. Kg2 Rh6 46. Kf3 f5
47. Rb8 Rxh7 48. Rxb5 Ke6 49. Re5+ Kf6 50. Rd5 Rh1 51. Rd6+ Ke7 52. Ra6 Re1 53.
Rxa7+ Kf6 54. Rd7 Re4 55. Rd8 Ke6 56. Kf2 f6 57. Kf3 Re3+ 58. Kf2 Rd3 59. Ke2
Re3+ 60. Kd2 Re4 1/2-1/2

[Event "Plzen, FSB A"]
[Site "?"]
[Date "2004.??.??"]
[Round "6.35"]
[White "Drahorad, D."]
[Black "Racek, J."]
[Result "1/2-1/2"]
[WhiteElo "1977"]
[BlackElo "2112"]
[PlyCount "34"]
[EventDate "2004.??.??"]
[Source "ChessBase"]
[SourceDate "1996.11.15"]

1. e4 c6 2. d4 d5 3. Nc3 dxe4 4. Nxe4 Nf6 5. Nxf6+ gxf6 6. Nf3 Bg4 7. Be2 Qc7
8. O-O e6 9. Nh4 Bxe2 10. Qxe2 Bd6 11. g3 Nd7 12. c4 O-O-O 13. d5 Nf8 14. dxc6
Qxc6 15. Be3 Ng6 16. Ng2 Bc5 17. Bxc5 Qxc5 1/2-1/2

[Event "Plzen, FSB A"]
[Site "?"]
[Date "2004.??.??"]
[Round "6.36"]
[White "Hyrs, M."]
[Black "Spirek, A."]
[Result "0-1"]
[WhiteElo "2108"]
[BlackElo "2049"]
[PlyCount "38"]
[EventDate "2004.??.??"]
[Source "ChessBase"]
[SourceDate "1996.11.15"]

1. d4 Nf6 2. Nf3 c5 3. c3 e6 4. Bg5 d5 5. Nbd2 Qb6 6. Qc2 Nc6 7. e3 Be7 8. h3
Bd7 9. Rc1 Rc8 10. Qb1 O-O 11. Be2 cxd4 12. exd4 Na5 13. b3 Bb5 14. Bd3 Ba3 15.
Rd1 Rxc3 16. Bxb5 Qxb5 17. Qa1 Ne4 18. Nxe4 dxe4 19. Bd2 exf3 0-1

[Event "Plzen, FSB A"]
[Site "?"]
[Date "2004.??.??"]
[Round "6.37"]
[White "Jina, L."]
[Black "Fruehauf, N."]
[Result "1/2-1/2"]
[WhiteElo "1943"]
[BlackElo "2097"]
[PlyCount "88"]
[EventDate "2004.??.??"]
[Source "ChessBase"]
[SourceDate "1996.11.15"]

1. d4 Nf6 2. c4 g6 3. Nf3 Bg7 4. Nc3 O-O 5. Qc2 d6 6. e3 Nbd7 7. b3 c6 8. Be2
Qc7 9. Bb2 e5 10. dxe5 dxe5 11. e4 Re8 12. O-O Nc5 13. Rad1 Bg4 14. h3 Bxf3 15.
Bxf3 Ne6 16. Nb1 Bf8 17. a3 a5 18. Nd2 Bc5 19. Ra1 Red8 20. Bc3 Bd4 21. Bxd4
Nxd4 22. Qc3 c5 23. Rfe1 Rd7 24. Rab1 Qd6 25. Rb2 Ne6 26. Be2 Qd4 27. Qxd4 Rxd4
28. f3 Nh5 29. Nb1 f6 30. Nc3 Rad8 31. Nd5 Kf7 32. Rd1 Nhf4 33. Kf1 Rd7 34.
Rxd4 exd4 35. Kf2 f5 36. exf5 gxf5 37. Nxf4 Nxf4 38. Bf1 Ne6 39. b4 axb4 40.
axb4 Ke7 41. Bd3 Kf6 42. g3 b6 43. bxc5 bxc5 44. f4 Ra7 1/2-1/2

[Event "Plzen, FSB A"]
[Site "?"]
[Date "2004.??.??"]
[Round "6.38"]
[White "Novy, V."]
[Black "van der Veen, R."]
[Result "1/2-1/2"]
[WhiteElo "2093"]
[BlackElo "2002"]
[PlyCount "48"]
[EventDate "2004.??.??"]
[Source "ChessBase"]
[SourceDate "1996.11.15"]

1. e4 c6 2. d4 d5 3. exd5 cxd5 4. Bd3 Nc6 5. c3 Nf6 6. Bf4 Bg4 7. Qb3 Qb6 8.
Qxb6 axb6 9. Bc7 Nd7 10. Nd2 Rc8 11. Bg3 Na5 12. Ne2 e6 13. h4 Bh5 14. Nf4 Bg6
15. Be2 Bf5 16. Nf1 Nc4 17. b3 Na3 18. Ne3 Nc2+ 19. Nxc2 Bxc2 20. Kd2 Bf5 21.
Nd3 Ba3 22. Rab1 Be7 23. Rhe1 Nf6 24. f3 O-O 1/2-1/2

[Event "Plzen, FSB A"]
[Site "?"]
[Date "2004.??.??"]
[Round "6.40"]
[White "Spiesberger, G."]
[Black "Petera, L."]
[Result "1/2-1/2"]
[WhiteElo "2070"]
[BlackElo "1851"]
[PlyCount "114"]
[EventDate "2004.??.??"]
[Source "ChessBase"]
[SourceDate "1996.11.15"]

1. e4 c5 2. Nf3 d6 3. Bb5+ Bd7 4. Bxd7+ Qxd7 5. O-O Nc6 6. c3 Nf6 7. Re1 g6 8.
d4 cxd4 9. cxd4 Bg7 10. Nc3 Rd8 11. Bf4 O-O 12. Qd2 d5 13. e5 Ne8 14. Bh6 Nc7
15. Rad1 e6 16. Qg5 Ne8 17. Qh4 Ne7 18. g4 f5 19. exf6 Bxf6 20. Bg5 Nc6 21. Re3
Rc8 22. Bxf6 Nxf6 23. Rde1 Ne4 24. Nxe4 dxe4 25. Ng5 Nxd4 26. Rxe4 Nf3+ 27.
Nxf3 Rxf3 28. Rxe6 Rf7 29. Qg3 Rcf8 30. R6e2 Qd4 31. b3 Rf3 32. Qh4 R3f4 33. h3
R4f7 34. Rf1 Qd3 35. Re7 Rxe7 36. Qxe7 Qxh3 37. Qe6+ Kg7 38. Qd7+ Kg8 39. Qe6+
Kg7 40. Rd1 Qf3 41. Rd7+ Rf7 42. Qe5+ Qf6 43. Rxf7+ Kxf7 44. Qd5+ Kf8 45. Qxb7
Qa1+ 46. Kg2 Qxa2 47. Qxh7 Qxb3 48. Qxg6 Qd5+ 49. Kg3 a5 50. Qf6+ Kg8 51. g5
Qb3+ 52. f3 Qb8+ 53. f4 Qb3+ 54. Kh4 Qf7 55. Qd8+ Kg7 56. Qxa5 Qxf4+ 57. Kh5
Qf3+ 1/2-1/2

[Event "Plzen, FSB A"]
[Site "?"]
[Date "2004.??.??"]
[Round "6.41"]
[White "Valickova, M."]
[Black "Steinhauser, A."]
[Result "1-0"]
[WhiteElo "2063"]
[BlackElo "1714"]
[PlyCount "59"]
[EventDate "2004.??.??"]
[Source "ChessBase"]
[SourceDate "1996.11.15"]

1. e4 c5 2. Nf3 d6 3. Bc4 Nf6 4. d3 e6 5. c3 Be7 6. Bb3 O-O 7. O-O Nc6 8. Re1
Re8 9. Nbd2 d5 10. e5 Nd7 11. d4 Qb6 12. Nf1 cxd4 13. cxd4 Bb4 14. Re2 f6 15.
exf6 Nxf6 16. Ng3 Bd6 17. Bg5 Bd7 18. Bxf6 Bxg3 19. Bxg7 Bxh2+ 20. Kxh2 Kxg7
21. Qd3 Qd8 22. Rh1 Qf6 23. Kg1 Rh8 24. Bc2 h6 25. Ne5 Nxe5 26. dxe5 Qg5 27.
Re3 Kf7 28. f4 Qg4 29. Rg3 Qf5 30. Qd2 1-0

[Event "Plzen, FSB A"]
[Site "?"]
[Date "2004.??.??"]
[Round "6.42"]
[White "Rakous, P."]
[Black "Vladyka, V."]
[Result "1/2-1/2"]
[WhiteElo "1716"]
[BlackElo "2048"]
[PlyCount "33"]
[EventDate "2004.??.??"]
[Source "ChessBase"]
[SourceDate "1996.11.15"]

1. b3 e5 2. Bb2 Nc6 3. e3 Nf6 4. Bb5 d6 5. Ne2 Be7 6. d4 exd4 7. Nxd4 Bd7 8.
Qf3 Nxd4 9. Bxd7+ Qxd7 10. Bxd4 Qc6 11. Qxc6+ bxc6 12. c4 O-O 13. O-O Nd7 14.
Nd2 Bf6 15. Nf3 c5 16. Bxf6 Nxf6 17. Nd2 1/2-1/2

[Event "Plzen, FSB A"]
[Site "?"]
[Date "2004.??.??"]
[Round "6.43"]
[White "Vachtfeidl, P."]
[Black "Skacel, J."]
[Result "1-0"]
[WhiteElo "2060"]
[BlackElo "2103"]
[PlyCount "35"]
[EventDate "2004.??.??"]
[Source "ChessBase"]
[SourceDate "1996.11.15"]

1. e4 c5 2. d4 cxd4 3. c3 Nf6 4. e5 Nd5 5. Nf3 Nc6 6. Bc4 Nb6 7. Bb3 d5 8. exd6
Qxd6 9. O-O d3 10. Na3 Bf5 11. Nb5 Qd7 12. Be3 e6 13. Nxa7 Nd5 14. Nxc6 bxc6
15. Ne5 Nxe3 16. fxe3 Qc7 17. Rxf5 exf5 18. Nxf7 1-0

[Event "Plzen, FSB A"]
[Site "?"]
[Date "2004.??.??"]
[Round "6.44"]
[White "Adamek, F."]
[Black "Pahorecky, J."]
[Result "1/2-1/2"]
[WhiteElo "2144"]
[BlackElo "1946"]
[PlyCount "116"]
[EventDate "2004.??.??"]
[Source "ChessBase"]
[SourceDate "1996.11.15"]

1. e4 c5 2. Nf3 d6 3. d4 cxd4 4. Nxd4 Nf6 5. Nc3 g6 6. g3 Bg7 7. Bg2 O-O 8. O-O
Bd7 9. Qd2 Nc6 10. Nb3 Rc8 11. Nd5 Be6 12. Nxf6+ Bxf6 13. c3 Ne5 14. Qc2 Nc4
15. Bh6 Bg7 16. Bxg7 Kxg7 17. Nd4 Bd7 18. b3 Na5 19. Qb2 Qb6 20. Rab1 Nc6 21.
Ne2 Ne5 22. h3 Bc6 23. Nd4 Bd7 24. Kh2 Nc6 25. Nxc6 Bxc6 26. c4+ Kg8 27. f4 Qc5
28. Rbe1 b5 29. cxb5 Bxb5 30. Rf2 f6 31. Rd2 Qc3 32. Qxc3 Rxc3 33. e5 dxe5 34.
fxe5 Rfc8 35. exf6 exf6 36. Re6 Rc2 37. Red6 Kg7 38. Be4 Rxd2+ 39. Rxd2 Rc7 40.
Kg2 Kf8 41. Kf2 Ke7 42. Rc2 Rxc2+ 43. Bxc2 Kd6 44. Ke3 Ke5 45. Bd3 Bc6 46. h4
f5 47. Bc2 Bb5 48. a4 Bc6 49. b4 h6 50. b5 Bb7 51. Bd1 g5 52. hxg5 hxg5 53. Bf3
f4+ 54. gxf4+ gxf4+ 55. Ke2 Bxf3+ 56. Kxf3 Kd5 57. Kxf4 Kc5 58. Ke5 Kb6 1/2-1/2

[Event "Plzen, FSB A"]
[Site "?"]
[Date "2004.??.??"]
[Round "6.45"]
[White "Hejl, J."]
[Black "Muk, I."]
[Result "1-0"]
[WhiteElo "2081"]
[BlackElo "1916"]
[PlyCount "61"]
[EventDate "2004.??.??"]
[Source "ChessBase"]
[SourceDate "1996.11.15"]

1. d4 Nf6 2. c4 c6 3. Nc3 d5 4. e3 e6 5. b3 Bb4 6. Bb2 Ne4 7. Qc2 f5 8. Bd3 Qg5
9. g3 Nd7 10. Nf3 Qh6 11. O-O-O O-O 12. h3 a6 13. g4 b6 14. gxf5 exf5 15. h4
Bb7 16. Ng5 Nxg5 17. hxg5 Qxg5 18. Rdg1 Qf6 19. Rh5 Qf7 20. Rxf5 Qe7 21. Rh5
Nf6 22. Bxh7+ Kf7 23. Qg6+ Ke6 24. Re5+ Kd7 25. Rxe7+ Bxe7 26. Qxg7 Nxh7 27.
Qxh7 Rf3 28. Rg7 Re8 29. Ba3 c5 30. dxc5 Kd8 31. cxd5 1-0

[Event "Plzen, FSB A"]
[Site "?"]
[Date "2004.??.??"]
[Round "6.46"]
[White "van Himbergen, H."]
[Black "Sedlacek, J."]
[Result "0-1"]
[WhiteElo "1996"]
[BlackElo "2069"]
[PlyCount "108"]
[EventDate "2004.??.??"]
[Source "ChessBase"]
[SourceDate "1996.11.15"]

1. Nf3 c5 2. e4 e6 3. d4 cxd4 4. Nxd4 a6 5. Bd3 Nf6 6. O-O Bc5 7. Nb3 Be7 8. a4
Nc6 9. f4 d6 10. Nc3 O-O 11. Kh1 Bd7 12. Be3 Qc7 13. a5 Rac8 14. Na4 Nb4 15.
Nb6 Rcd8 16. Nxd7 Nxd7 17. c3 Nxd3 18. Qxd3 Rc8 19. Rfd1 Nf6 20. Nd2 Rfd8 21.
Bb6 Qc6 22. Bxd8 Rxd8 23. Re1 Ng4 24. Qc4 Qd7 25. h3 Nf6 26. Qd3 Nh5 27. Qf3
Nf6 28. b4 Rc8 29. Rac1 d5 30. e5 Ne8 31. Red1 Nc7 32. Nb3 Nb5 33. c4 Nc7 34.
c5 Qa4 35. c6 bxc6 36. Nd4 Ne8 37. Qd3 Ra8 38. Nxc6 Bf8 39. Qc2 Qb5 40. f5 g6
41. f6 Kh8 42. Qd2 Qb7 43. Rc2 Nc7 44. Rdc1 Nb5 45. Qe3 Qd7 46. Nd4 Bxb4 47.
Nxb5 axb5 48. a6 d4 49. Qxd4 Qxd4 50. Rc8+ Qd8 51. Rxd8+ Rxd8 52. a7 Ra8 53.
Rc7 Kg8 54. Rb7 Bf8 0-1